Vista normal
Vista MARC
Entrada Personal Name
Número de registros utilizados en: 1
001 - CONTROL NUMBER
- control field: 41569
003 - CONTROL NUMBER IDENTIFIER
- control field: OSt
005 - DATE AND TIME OF LATEST TRANSACTION
- control field: 20211117141438.0
008 - FIXED-LENGTH DATA ELEMENTS
- fixed length control field: 211117|| aca||aabn | a|a d
040 ## - CATALOGING SOURCE
- Original cataloging agency: OSt
- Transcribing agency: OSt
100 ## - HEADING--PERSONAL NAME
- Personal name: Déniz, José
670 ## - SOURCE DATA FOUND
- Source citation: Work cat.: (OSt)8818: Vidal, Gregorio, 18369 coordinador, Desarrollo y transformación : , ©2010